[Event "Madrid-chT Honor 2223"]
[Site "Madrid"]
[Date "2023.03.12"]
[Round "13.3"]
[White "Alfaya Marcelo, Roberto"]
[Black "Medina Diaz, Rafael Alejandro"]
[Result "0-1"]
[WhiteElo "2230"]
[BlackElo "2248"]
[PlyCount "82"]
[EventDate "2022.11.20"]
[EventType "team-tourn"]
[EventRounds "14"]
[EventCountry "ESP"]
[SourceTitle "EXT 2024"]
[Source "ChessBase"]
[SourceDate "2023.10.10"]
[SourceVersion "1"]
[SourceVersionDate "2023.10.10"]
[SourceQuality "1"]
[WhiteTeam "San Sebastian de los Reyes"]
[BlackTeam "Alcala de Henares"]
[WhiteTeamCountry "ESP"]
[BlackTeamCountry "ESP"]

1. d4 d5 2. c4 c6 3. Nf3 Nf6 4. e3 e6 5. b3 c5 6. Bd3 cxd4 7. exd4 Nc6 8. Bb2 Bb4+ 9. Nbd2 0-0 10. 0-0 dxc4 11. bxc4 b6 12. Rc1 Bb7 13. Bb1 Re8 14. Qc2 g6 15. Rfd1 Rc8 16. Ne4 Be7 17. Neg5 Nh5 18. Nxf7 Kxf7 19. d5 exd5 20. Rxd5 Nb4 21. Ne5+ Kg8 22. Rxd8 Nxc2 23. Rxe8+ Rxe8 24. Bxc2 Nf4 25. Ba4 Ne2+ 26. Kf1 Nxc1 27. Bxe8 Nxa2 28. Bc6 Bc8 29. Bd5+ Kf8 30. Nc6 Nb4 31. Nxa7 Ba6 32. Be6 Nd3 33. Bd4 Nf4 34. Bd7 Bxc4+ 35. Ke1 Bb4+ 36. Kd1 Bb3+ 37. Kc1 Ne2+ 38. Kb2 Nxd4 39. Nb5 Ba4 40. Nxd4 Bxd7 41. Kb3 Bc5 0-1

[Event "Madrid-chT Honor 2223"]
[Site "Madrid"]
[Date "2023.02.04"]
[Round "8.3"]
[White "Hidalgo Duque, Carlos"]
[Black "Medina Diaz, Rafael Alejandro"]
[Result "1-0"]
[WhiteElo "2236"]
[BlackElo "2248"]
[PlyCount "89"]
[EventDate "2022.11.20"]
[EventType "team-tourn"]
[EventRounds "14"]
[EventCountry "ESP"]
[SourceTitle "EXT 2024"]
[Source "ChessBase"]
[SourceDate "2023.10.10"]
[SourceVersion "1"]
[SourceVersionDate "2023.10.10"]
[SourceQuality "1"]
[WhiteTeam "Blanco y Negro"]
[BlackTeam "Alcala de Henares"]
[WhiteTeamCountry "ESP"]
[BlackTeamCountry "ESP"]

1. d4 d5 2. c4 c6 3. Nf3 Nf6 4. e3 e6 5. Nc3 Nbd7 6. Be2 dxc4 7. a4 Nb6 8. a5 Nbd5 9. Bxc4 Be7 10. 0-0 0-0 11. Qe2 c5 12. e4 Nb4 13. Rd1 Bd7 14. dxc5 Bxc5 15. e5 Nfd5 16. Nxd5 exd5 17. Bxd5 Nxd5 18. Rxd5 Qc7 19. Be3 Be7 20. Rc1 Bc6 21. Nd4 Rac8 22. Qg4 Bxd5 23. Rxc7 Rxc7 24. Nf5 g6 25. Nxe7+ Rxe7 26. Qd4 Bc6 27. h3 Rfe8 28. Bf4 a6 29. Kh2 Re6 30. Qc3 f6 31. exf6 Kf7 32. Bg5 Re2 33. Qg3 R8e5 34. Bd2 Ke6 35. Qg4+ Kf7 36. Bc3 R2e4 37. Qg3 Rd5 38. f3 Re2 39. Qh4 h5 40. Qc4 Re6 41. h4 g5 42. hxg5 Rxg5 43. Qf4 Rg8 44. Qh6 Ke8 45. f7+ 1-0

[Event "Madrid-chT Honor 2223"]
[Site "Madrid"]
[Date "2023.01.28"]
[Round "7.3"]
[White "Guerrero Vargas, Andres Jesus"]
[Black "Medina Diaz, Rafael Alejandro"]
[Result "0-1"]
[WhiteElo "2336"]
[BlackElo "2248"]
[PlyCount "70"]
[EventDate "2022.11.20"]
[EventType "team-tourn"]
[EventRounds "14"]
[EventCountry "ESP"]
[SourceTitle "EXT 2024"]
[Source "ChessBase"]
[SourceDate "2023.10.10"]
[SourceVersion "1"]
[SourceVersionDate "2023.10.10"]
[SourceQuality "1"]
[WhiteTeam "Villalba 64"]
[BlackTeam "Alcala de Henares"]
[WhiteTeamCountry "ESP"]
[BlackTeamCountry "ESP"]

1. Nf3 c5 2. c4 Nf6 3. Nc3 d5 4. cxd5 Nxd5 5. g3 Nc6 6. Bg2 Nc7 7. 0-0 e5 8. a3 f6 9. Ne1 Be6 10. Qa4 Qd7 11. b4 Nd4 12. Qxd7+ Kxd7 13. bxc5 Bxc5 14. Nd3 Bd6 15. Rb1 Bc4 16. Rxb7 Nxe2+ 17. Nxe2 Bxd3 18. Re1 Rhb8 19. Nc3 Rxb7 20. Bxb7 Rb8 21. Be4 Bxe4 22. Rxe4 Nb5 23. Kg2 Nd4 24. Rg4 g5 25. Re4 h5 26. Re1 Ke6 27. a4 a5 28. Ne4 Be7 29. f4 Nc2 30. Rf1 Rb4 31. d3 gxf4 32. gxf4 Rxa4 33. Rf2 Ne1+ 34. Kh3 Nxd3 35. f5+ Kf7 0-1

[Event "Madrid-chT Honor 2223"]
[Site "Madrid"]
[Date "2023.01.22"]
[Round "6.3"]
[White "Medina Diaz, Rafael Alejandro"]
[Black "Alfaya Marcelo, Roberto"]
[Result "1-0"]
[WhiteElo "2248"]
[BlackElo "2230"]
[PlyCount "85"]
[EventDate "2022.11.20"]
[EventType "team-tourn"]
[EventRounds "14"]
[EventCountry "ESP"]
[SourceTitle "EXT 2024"]
[Source "ChessBase"]
[SourceDate "2023.10.10"]
[SourceVersion "1"]
[SourceVersionDate "2023.10.10"]
[SourceQuality "1"]
[WhiteTeam "Alcala de Henares"]
[BlackTeam "San Sebastian de los Reyes"]
[WhiteTeamCountry "ESP"]
[BlackTeamCountry "ESP"]

1. e4 e5 2. Nf3 Nc6 3. Bb5 a6 4. Ba4 Nf6 5. 0-0 Be7 6. Re1 b5 7. Bb3 d6 8. c3 0-0 9. h3 Nb8 10. d4 Nbd7 11. Nbd2 Bb7 12. a4 c5 13. d5 c4 14. Bc2 Nc5 15. Nf1 Nfd7 16. Ng3 g6 17. Be3 Qc7 18. Ra3 Nb6 19. Bxc5 Qxc5 20. Qd2 Kg7 21. h4 Nxa4 22. Bxa4 bxa4 23. Rxa4 a5 24. h5 Ba6 25. Rea1 Bd8 26. Rxa5 Qc8 27. R5a4 f6 28. Nf1 Bb6 29. Ne3 Bxe3 30. Qxe3 Qb7 31. Nd2 gxh5 32. Nxc4 Bxc4 33. Ra7 Rf7 34. Rxa8 Qxb2 35. R8a7 h4 36. Rxf7+ Kxf7 37. Ra7+ Kg6 38. Qf3 Qc1+ 39. Kh2 Qg5 40. Rd7 Ba6 41. Rxd6 Bc8 42. Rd8 Bg4 43. Qxg4 1-0

[Event "Madrid Alcorcon op 1st"]
[Site "Madrid"]
[Date "2022.12.30"]
[Round "9"]
[White "Martinez Fernandez, Raul"]
[Black "Medina Diaz, Rafael Alejandro"]
[Result "1-0"]
[WhiteElo "2176"]
[BlackElo "2251"]
[PlyCount "55"]
[EventDate "2022.12.26"]
[EventType "swiss"]
[EventRounds "9"]
[EventCountry "ESP"]
[SourceTitle "CBM 212 Extra"]
[Source "ChessBase"]
[SourceDate "2023.03.31"]
[SourceVersion "1"]
[SourceVersionDate "2023.03.31"]
[SourceQuality "1"]

1. e4 c5 2. Nf3 Nc6 3. Bb5 g6 4. Bxc6 dxc6 5. d3 Bg7 6. a4 e5 7. a5 Rb8 8. Be3 Qe7 9. b4 cxb4 10. Bxa7 Ra8 11. Bb6 Nf6 12. Nbd2 Be6 13. 0-0 Nd7 14. Be3 f6 15. d4 Bf7 16. Nb3 exd4 17. Nbxd4 0-0 18. Re1 Ra6 19. Qb1 Rfa8 20. Nb3 c5 21. Rd1 c4 22. Rxd7 Qxd7 23. Nc5 Qb5 24. Nxa6 Rxa6 25. Nd4 Qe5 26. Qxb4 Qxe4 27. Re1 Bf8 28. Qxf8+ 1-0

[Event "Madrid Alcorcon op 1st"]
[Site "Madrid"]
[Date "2022.12.27"]
[Round "4"]
[White "Medina Diaz, Rafael Alejandro"]
[Black "Rey Martinez, Jaime"]
[Result "1/2-1/2"]
[WhiteElo "2251"]
[BlackElo "2154"]
[PlyCount "126"]
[EventDate "2022.12.26"]
[EventType "swiss"]
[EventRounds "9"]
[EventCountry "ESP"]
[SourceTitle "CBM 212 Extra"]
[Source "ChessBase"]
[SourceDate "2023.03.31"]
[SourceVersion "1"]
[SourceVersionDate "2023.03.31"]
[SourceQuality "1"]

1. e4 c5 2. Nf3 Nc6 3. d4 cxd4 4. Nxd4 g6 5. Nc3 Bg7 6. Be3 Nf6 7. Nxc6 bxc6 8. e5 Ng8 9. Bd4 f6 10. exf6 Nxf6 11. Bc4 d5 12. Bb3 0-0 13. 0-0 e6 14. Re1 Nh5 15. Bxg7 Kxg7 16. Na4 Qf6 17. Qe2 Nf4 18. Qe5 Qxe5 19. Rxe5 Kf6 20. Rae1 Ke7 21. f3 Kd6 22. g3 Nh5 23. f4 Nf6 24. c4 Re8 25. Nc3 Ba6 26. c5+ Kd7 27. Bd1 Rab8 28. b3 Rb4 29. a3 Rd4 30. b4 Rd2 31. a4 Bc4 32. b5 cxb5 33. axb5 d4 34. Nb1 Ra2 35. Bf3 Rb8 36. Rd1 d3 37. b6 axb6 38. cxb6 Rxb6 39. Nc3 Rc2 40. Na4 Rd6 41. Nc5+ Ke7 42. Nb7 Rb6 43. Rc5 Nd7 44. Ra5 Rcb2 45. Nc5 Rb1 46. Kf2 Rxd1 47. Bxd1 Rb1 48. Ra7 Rxd1 49. Rxd7+ Ke8 50. Rd4 Rd2+ 51. Kf3 Bd5+ 52. Kg4 Rxh2 53. Rxd3 Rc2 54. Nb3 Be4 55. Re3 Bf5+ 56. Kf3 h5 57. Nd4 Bg4+ 58. Ke4 Rc5 59. Ra3 Bf5+ 60. Ke3 Kd7 61. Ra7+ Rc7 62. Rxc7+ Kxc7 63. Nf3 Kd6 1/2-1/2

[Event "Madrid Alcorcon op 1st"]
[Site "Madrid"]
[Date "2022.12.26"]
[Round "2"]
[White "Toquero Gracia, Laura"]
[Black "Medina Diaz, Rafael Alejandro"]
[Result "0-1"]
[WhiteElo "1610"]
[BlackElo "2251"]
[PlyCount "118"]
[EventDate "2022.12.26"]
[EventType "swiss"]
[EventRounds "9"]
[EventCountry "ESP"]
[SourceTitle "CBM 212 Extra"]
[Source "ChessBase"]
[SourceDate "2023.03.31"]
[SourceVersion "1"]
[SourceVersionDate "2023.03.31"]
[SourceQuality "1"]

1. d4 d5 2. Nf3 c6 3. g3 Nf6 4. Bg2 g6 5. 0-0 Bg7 6. c4 0-0 7. Nc3 dxc4 8. Ne5 Ng4 9. Nxg4 Bxg4 10. h3 Be6 11. e3 Na6 12. a3 Qd7 13. Kh2 Bf5 14. Ne4 e5 15. dxe5 Qxd1 16. Rxd1 Bxe5 17. Nd2 c3 18. Nc4 cxb2 19. Bxb2 Bxb2 20. Nxb2 Rad8 21. Nc4 Nc5 22. Na5 Rxd1 23. Rxd1 Bc8 24. Kg1 Re8 25. Rc1 Ne6 26. Rb1 Re7 27. Nc4 Rd7 28. h4 Kf8 29. Bf3 Ke7 30. Kg2 Rc7 31. Na5 Nd8 32. Rc1 c5 33. Nb3 b6 34. a4 Bb7 35. a5 Bxf3+ 36. Kxf3 Ne6 37. axb6 axb6 38. Rb1 Rc6 39. Nd2 Nc7 40. Ne4 b5 41. Nc3 b4 42. Na4 Na6 43. Ke2 c4 44. Nb2 c3 45. Nd3 c2 46. Rb2 c1Q 47. Nxc1 Rxc1 48. Kd2 Rc3 49. Rxb4 Nxb4 50. Kxc3 Nc6 51. f4 Ke6 52. g4 Kd5 53. Kd3 Nb4+ 54. Kc3 Ke4 55. Kd2 Nd5 56. h5 Nxf4 57. exf4 Kxf4 58. hxg6 hxg6 59. g5 Kxg5 0-1

[Event "Iberoamerican-ch 8th"]
[Site "Mexico City"]
[Date "2022.02.14"]
[Round "4"]
[White "Almeida Quintana, Omar"]
[Black "Medina Diaz, Rafael Alejandro"]
[Result "1/2-1/2"]
[WhiteElo "2535"]
[BlackElo "2287"]
[PlyCount "77"]
[EventDate "2022.02.12"]
[EventType "swiss"]
[EventRounds "9"]
[EventCountry "MEX"]
[SourceTitle "CBM 206 Extra"]
[Source "ChessBase"]
[SourceDate "2022.03.31"]
[SourceVersion "1"]
[SourceVersionDate "2022.03.31"]
[SourceQuality "1"]

1. d4 d5 2. Nf3 Nf6 3. c4 c6 4. Nc3 dxc4 5. a4 Bf5 6. e3 e6 7. Bxc4 Bb4 8. 0-0 Nbd7 9. Nh4 0-0 10. Nxf5 exf5 11. Qc2 g6 12. f3 Rc8 13. Rd1 Qe7 14. Kh1 Nb6 15. Bb3 c5 16. a5 cxd4 17. axb6 dxc3 18. bxa7 Bc5 19. e4 fxe4 20. Bh6 Rfe8 21. Ba4 Red8 22. Rxd8+ Qxd8 23. Bb3 exf3 24. gxf3 Ra8 25. Qxc3 Qd4 26. Rd1 Qxc3 27. bxc3 b6 28. Ba4 Be7 29. Rb1 Bd8 30. Rd1 Bc7 31. Bg5 Kg7 32. Bxf6+ Kxf6 33. Rd7 Rxa7 34. Bb3 Bb8 35. Rxa7 Bxa7 36. Kg2 Bb8 37. Bd5 h5 38. c4 Kg7 39. h3 1/2-1/2

[Event "Mexico City Latinoamericano-B 1st"]
[Site "Mexico City"]
[Date "2021.11.05"]
[Round "5"]
[White "Frey Beckman, Kenneth"]
[Black "Medina Diaz, Rafael Alejandro"]
[Result "1/2-1/2"]
[WhiteElo "2257"]
[BlackElo "2317"]
[PlyCount "24"]
[EventDate "2021.11.03"]
[EventType "tourn"]
[EventRounds "9"]
[EventCountry "MEX"]
[SourceTitle "CBM 205 Extra"]
[Source "ChessBase"]
[SourceDate "2022.01.31"]
[SourceVersion "1"]
[SourceVersionDate "2022.01.31"]
[SourceQuality "1"]

1. Nf3 d5 2. d4 c6 3. c4 Nf6 4. cxd5 cxd5 5. Nc3 Nc6 6. Bf4 Bf5 7. e3 e6 8. Bb5 Nd7 9. 0-0 Be7 10. Rc1 0-0 11. Na4 Rc8 12. h3 h6 1/2-1/2

[Event "Mexico City Fenamac-A 3rd"]
[Site "Mexico City"]
[Date "2021.07.22"]
[Round "3"]
[White "Benitez Lozano, Javier"]
[Black "Medina Diaz, Rafael Alejandro"]
[Result "1/2-1/2"]
[WhiteElo "2340"]
[BlackElo "2299"]
[PlyCount "64"]
[EventDate "2021.07.21"]
[EventType "tourn"]
[EventRounds "9"]
[EventCountry "MEX"]
[EventCategory "2"]
[SourceTitle "CBM 203 Extra"]
[Source "ChessBase"]
[SourceDate "2021.09.30"]
[SourceVersion "1"]
[SourceVersionDate "2021.09.30"]
[SourceQuality "1"]

1. c4 c6 2. Nf3 d5 3. e3 e6 4. b3 Nf6 5. Nc3 Bd6 6. Bb2 0-0 7. Be2 Nbd7 8. Qc2 Re8 9. 0-0 a6 10. d4 dxc4 11. Bxc4 b5 12. Bd3 Bb7 13. Ng5 h6 14. Nge4 Be7 15. a3 c5 16. dxc5 Nxc5 17. Nxc5 Bxc5 18. Ne4 Be7 19. Nxf6+ Bxf6 20. Bh7+ Kh8 21. Rad1 Qe7 22. Bxf6 Qxf6 23. Be4 Rac8 24. Qb1 Bxe4 25. Qxe4 Rc3 26. Qb4 Rec8 27. a4 Qf5 28. axb5 Qxb5 29. Qe7 R3c7 30. Rd8+ Kh7 31. Qd6 Rxd8 32. Qxc7 Rd7 1/2-1/2

[Event "Mexico City Fenamac-A"]
[Site "Mexico City"]
[Date "2021.07.04"]
[Round "8"]
[White "Medina Diaz, Rafael Alejandro"]
[Black "Sanchez Enriquez, Oscar Gerardo"]
[Result "1/2-1/2"]
[WhiteElo "2299"]
[BlackElo "2324"]
[PlyCount "158"]
[EventDate "2021.06.30"]
[EventType "tourn"]
[EventRounds "9"]
[EventCountry "MEX"]
[EventCategory "4"]
[SourceTitle "CBM 203 Extra"]
[Source "ChessBase"]
[SourceDate "2021.09.30"]
[SourceVersion "1"]
[SourceVersionDate "2021.09.30"]
[SourceQuality "1"]

1. e4 d5 2. exd5 Nf6 3. d4 Bg4 4. f3 Bf5 5. c4 e6 6. dxe6 Nc6 7. Bd3 Nxd4 8. Bxf5 Nxf5 9. Qxd8+ Rxd8 10. Ne2 Bc5 11. Nbc3 fxe6 12. Bd2 Nh4 13. Nf4 Kf7 14. Ke2 Nf5 15. Rhd1 Nd4+ 16. Kf1 Nc2 17. Rac1 Ne3+ 18. Bxe3 Bxe3 19. Nxe6 Rde8 20. Nxc7 Rc8 21. N7b5 Bxc1 22. Nd6+ Ke6 23. Nxc8 Bxb2 24. Na4 Ba3 25. Re1+ Kf7 26. Re3 Rxc8 27. Rxa3 Rxc4 28. Nc3 a6 29. Ke2 Nd7 30. Ne4 Rc2+ 31. Kd3 Rxg2 32. Nd6+ Ke7 33. Nxb7 Rb2 34. Na5 Rxh2 35. Nb3 Rh6 36. Nd4 Rd6 37. Ke3 Kf6 38. Ra5 g6 39. Nc2 Ne5 40. Ra4 h5 41. f4 Ng4+ 42. Kf3 Rd3+ 43. Ke2 Rg3 44. Nd4 h4 45. Rxa6+ Kf7 46. Ra7+ Kg8 47. Ra8+ Kh7 48. Ra7+ Kh6 49. Ra6 Kh7 50. Ra7+ Kg8 51. Ra8+ Kf7 52. Ra7+ Ke8 53. Ra8+ Ke7 54. Ra7+ Kd6 55. Ra6+ Kd5 56. Nf3 h3 57. Rxg6 Rg2+ 58. Ke1 Ke4 59. Nd2+ Kxf4 60. Rg8 Rg1+ 61. Ke2 Rg2+ 62. Ke1 Rg1+ 63. Ke2 Ra1 64. Rh8 Kg3 65. Nf1+ Kg2 66. Rg8 Rxa2+ 67. Ke1 Ra1+ 68. Ke2 Ra2+ 69. Ke1 Kf3 70. Rf8+ Ke4 71. Rh8 Ra1+ 72. Ke2 Ra2+ 73. Ke1 Ra3 74. Ke2 Nf6 75. Rh4+ Ke5 76. Ne3 Ra2+ 77. Kf3 h2 78. Nf1 Kf5 79. Rxh2 Rxh2 1/2-1/2

[Event "Mexico City Fenamac-A"]
[Site "Mexico City"]
[Date "2021.07.03"]
[Round "7"]
[White "Benitez Lozano, Javier"]
[Black "Medina Diaz, Rafael Alejandro"]
[Result "0-1"]
[WhiteElo "2375"]
[BlackElo "2299"]
[PlyCount "136"]
[EventDate "2021.06.30"]
[EventType "tourn"]
[EventRounds "9"]
[EventCountry "MEX"]
[EventCategory "4"]
[SourceTitle "CBM 203 Extra"]
[Source "ChessBase"]
[SourceDate "2021.09.30"]
[SourceVersion "1"]
[SourceVersionDate "2021.09.30"]
[SourceQuality "1"]

1. c4 c5 2. Nf3 Nf6 3. d4 cxd4 4. Nxd4 Nc6 5. Nc3 g6 6. e4 Bg7 7. Be3 0-0 8. Be2 d6 9. 0-0 Bd7 10. h3 a5 11. Ndb5 a4 12. Rc1 Qa5 13. f4 Rfc8 14. c5 Be6 15. cxd6 Rd8 16. e5 Ne8 17. Nd5 Bxd5 18. Qxd5 exd6 19. Bc4 Rd7 20. e6 Nf6 21. Qd2 Re7 22. exf7+ Kf8 23. f5 d5 24. Bd3 Qxd2 25. Bxd2 gxf5 26. Rxf5 Kxf7 27. Bg5 Rd8 28. Rcf1 Re6 29. Nc7 Red6 30. Nb5 Re6 31. R5f2 h6 32. Bh4 Ne5 33. Nd4 Nxd3 34. Nxe6 Kxe6 35. Rxf6+ Bxf6 36. Rxf6+ Ke5 37. Rf3 Rc8 38. Rxd3 Rc1+ 39. Kh2 Rc2 40. Re3+ Kf4 41. Rf3+ Ke4 42. Rf2 Rc6 43. Rf6 d4 44. Rxc6 bxc6 45. a3 Kd3 46. Be7 Kc2 47. Bc5 d3 48. Be3 Kxb2 49. g4 c5 50. h4 c4 51. g5 hxg5 52. hxg5 c3 53. g6 d2 54. Bxd2 cxd2 55. g7 d1Q 56. g8Q Qc2+ 57. Kg1 Kxa3 58. Qf8+ Ka2 59. Kf1 a3 60. Ke1 Qc1+ 61. Kf2 Kb1 62. Kg3 Qc3+ 63. Kh4 a2 64. Qf5+ Kc1 65. Qf1+ Kb2 66. Qb5+ Qb3 67. Qe5+ Ka3 68. Qa1 Qb2 0-1

[Event "Mexico City Fenamac-A"]
[Site "Mexico City"]
[Date "2021.07.01"]
[Round "3"]
[White "Medina Diaz, Rafael Alejandro"]
[Black "Tapie Amione, Pablo Adib"]
[Result "1/2-1/2"]
[WhiteElo "2299"]
[BlackElo "2290"]
[PlyCount "45"]
[EventDate "2021.06.30"]
[EventType "tourn"]
[EventRounds "9"]
[EventCountry "MEX"]
[EventCategory "4"]
[SourceTitle "CBM 203 Extra"]
[Source "ChessBase"]
[SourceDate "2021.09.30"]
[SourceVersion "1"]
[SourceVersionDate "2021.09.30"]
[SourceQuality "1"]

1. e4 c5 2. Nf3 d6 3. d4 cxd4 4. Nxd4 Nf6 5. Nc3 a6 6. h4 e5 7. Nb3 Be6 8. Be3 Nbd7 9. Qd2 b5 10. f3 Nb6 11. Qf2 Rb8 12. 0-0-0 Qc7 13. g4 Na4 14. Nd5 Bxd5 15. exd5 Nd7 16. g5 Ndb6 17. Kb1 Nc4 18. Bc1 Na3+ 19. Ka1 Nxc2+ 20. Kb1 Na3+ 21. Ka1 Nc2+ 22. Kb1 Na3+ 23. Ka1 1/2-1/2

[Event "Mexico City Fenamac IM-1 1st"]
[Site "Mexico City"]
[Date "2021.05.09"]
[Round "7"]
[White "Medina Diaz, Rafael Alejandro"]
[Black "Garcia Almaguer, Juan Manuel"]
[Result "1/2-1/2"]
[WhiteElo "2290"]
[BlackElo "2206"]
[PlyCount "78"]
[EventDate "2021.05.05"]
[EventType "tourn"]
[EventRounds "9"]
[EventCountry "MEX"]
[EventCategory "2"]
[SourceTitle "CBM 202 Extra"]
[Source "ChessBase"]
[SourceDate "2021.07.31"]
[SourceVersion "1"]
[SourceVersionDate "2021.07.31"]
[SourceQuality "1"]

1. e4 e5 2. Nf3 Nc6 3. d4 exd4 4. Nxd4 Nf6 5. Nxc6 bxc6 6. e5 Qe7 7. Qe2 Nd5 8. c4 Ba6 9. Nd2 g6 10. Nf3 Qb4+ 11. Kd1 Bg7 12. Qc2 Nb6 13. b3 d5 14. cxd5 Bxf1 15. Qxc6+ Kf8 16. Rxf1 Rd8 17. Be3 Kg8 18. Bxb6 axb6 19. Qc4 Qa5 20. Ke2 Rxd5 21. Rfd1 Rc5 22. Rd8+ Bf8 23. Qf4 Rd5 24. Rd7 Rd6 25. Rxd6 Qc5 26. Rd5 Qxd5 27. Rd1 Qb5+ 28. Qc4 Qxc4+ 29. bxc4 Kg7 30. Rd7 Bc5 31. Ng5 Ra8 32. Ne6+ Kg8 33. Nxc5 bxc5 34. Rxc7 Rxa2+ 35. Ke3 Ra3+ 36. Kf4 Ra2 37. Kg3 g5 38. Rxc5 Rc2 39. e6 Kf8 1/2-1/2

[Event "Mexico City Fenamac IM-1 1st"]
[Site "Mexico City"]
[Date "2021.05.07"]
[Round "3"]
[White "Medina Diaz, Rafael Alejandro"]
[Black "Tapie Amione, Pablo Adib"]
[Result "1-0"]
[WhiteElo "2290"]
[BlackElo "2286"]
[PlyCount "71"]
[EventDate "2021.05.05"]
[EventType "tourn"]
[EventRounds "9"]
[EventCountry "MEX"]
[EventCategory "2"]
[SourceTitle "CBM 202 Extra"]
[Source "ChessBase"]
[SourceDate "2021.07.31"]
[SourceVersion "1"]
[SourceVersionDate "2021.07.31"]
[SourceQuality "1"]

1. e4 c5 2. Nf3 d6 3. d4 cxd4 4. Nxd4 Nf6 5. Nc3 a6 6. h3 e5 7. Nde2 b5 8. g4 b4 9. Nd5 Bb7 10. Bg5 Nbd7 11. Ng3 h6 12. Bxf6 Nxf6 13. Nxf6+ Qxf6 14. Bc4 Rc8 15. Qe2 Ra8 16. a3 bxa3 17. Rxa3 d5 18. Rf3 Qd6 19. Bxd5 Bxd5 20. exd5 Qxd5 21. 0-0 Bc5 22. Rd1 Qe6 23. Rc3 Be7 24. Nf5 Bf8 25. Rd6 Qxd6 26. Nxd6+ Bxd6 27. Rc6 Ke7 28. Rxa6 Rhc8 29. Rxa8 Rxa8 30. Kg2 Ra4 31. c3 Rf4 32. b4 Ke6 33. Qa6 Kd7 34. c4 Be7 35. Qb7+ Ke8 36. Qb8+ 1-0

[Event "FIDE World Uni Rapid-B 1st"]
[Site "Tornelo INT"]
[Date "2021.03.20"]
[Round "2"]
[White "Medina Diaz, Rafael Alejandro"]
[Black "Panov, Alexandr1111"]
[Result "1-0"]
[WhiteElo "2290"]
[BlackElo "1703"]
[PlyCount "49"]
[EventDate "2021.03.20"]
[EventType "swiss (rapid)"]
[EventRounds "12"]
[EventCountry "NET"]
[SourceTitle "CBM 201 Extra"]
[Source "ChessBase"]
[SourceDate "2021.05.31"]
[SourceVersion "1"]
[SourceVersionDate "2021.05.31"]
[SourceQuality "1"]

1. e4 c5 2. Nf3 d6 3. d4 cxd4 4. Nxd4 Nf6 5. Nc3 a6 6. h3 e6 7. g4 h6 8. Bg2 Be7 9. Be3 Nc6 10. Qe2 e5 11. Nf5 Bxf5 12. exf5 d5 13. Nxd5 Nxd5 14. 0-0-0 Qa5 15. Bxd5 Nb4 16. Qc4 0-0 17. c3 Rac8 18. Qb3 Nxd5 19. Rxd5 Qc7 20. Rhd1 Rfd8 21. Bb6 Bg5+ 22. Kc2 Qc6 23. Bxd8 a5 24. Bxg5 a4 25. Qb5 1-0

[Event "FIDE World Uni Blitz-D 1st"]
[Site "Tornelo INT"]
[Date "2021.03.13"]
[Round "4.14"]
[White "Jain, Gautam"]
[Black "Medina Diaz, Rafael Alejandro"]
[Result "0-1"]
[WhiteElo "1900"]
[BlackElo "2290"]
[PlyCount "66"]
[EventDate "2021.03.13"]
[EventType "swiss (blitz)"]
[EventRounds "10"]
[EventCountry "NET"]
[SourceTitle "EXT 2022"]
[Source "ChessBase"]
[SourceDate "2021.10.06"]
[SourceVersion "1"]
[SourceVersionDate "2021.10.06"]
[SourceQuality "1"]

1. e4 e6 2. d4 d5 3. Nd2 c5 4. exd5 Qxd5 5. Ngf3 cxd4 6. Bc4 Qd6 7. 0-0 Nf6 8. Nb3 Nc6 9. Nbxd4 Nxd4 10. Nxd4 a6 11. a4 Qc7 12. Qe2 Bd6 13. h3 0-0 14. Bg5 b6 15. Rad1 Bb7 16. Nxe6 Bh2+ 17. Kh1 fxe6 18. Qxe6+ Kh8 19. Bxf6 Rxf6 20. Qd7 Bc6 21. Qg4 Raf8 22. f4 Bxf4 23. Rf2 Be5 24. Rxf6 Bxf6 25. c3 g6 26. Bb3 Kg7 27. Qe2 Rd8 28. Re1 Qg3 29. Rf1 Qxh3+ 30. Kg1 Qg3 31. Rxf6 Kxf6 32. Qf1+ Kg7 33. Qf7+ Kh6 0-1

[Event "FIDE World Uni Blitz-D 1st"]
[Site "Tornelo INT"]
[Date "2021.03.13"]
[Round "7.13"]
[White "Medina Diaz, Rafael Alejandro"]
[Black "Gutierrez Vargas, Robert"]
[Result "1-0"]
[WhiteElo "2290"]
[BlackElo "1870"]
[PlyCount "119"]
[EventDate "2021.03.13"]
[EventType "swiss (blitz)"]
[EventRounds "10"]
[EventCountry "NET"]
[SourceTitle "EXT 2022"]
[Source "ChessBase"]
[SourceDate "2021.10.06"]
[SourceVersion "1"]
[SourceVersionDate "2021.10.06"]
[SourceQuality "1"]

1. e4 e5 2. Nf3 c6 3. Nxe5 Qe7 4. d4 d6 5. Nf3 Qxe4+ 6. Be2 Be7 7. 0-0 Nf6 8. Re1 Be6 9. Ng5 Qg6 10. Bd3 Qh5 11. Qxh5 Nxh5 12. Nxe6 fxe6 13. Rxe6 Kf7 14. Re1 Nd7 15. c4 Rae8 16. Nc3 g6 17. Be3 Bf6 18. Ne4 Be7 19. Rad1 d5 20. cxd5 cxd5 21. Ng5+ Bxg5 22. Bxg5 Nhf6 23. f3 Nb8 24. Rxe8 Rxe8 25. Kf2 Nc6 26. Bc2 Nd7 27. Bb3 Nb6 28. Be3 a5 29. a3 a4 30. Ba2 Na5 31. Bd2 Nac4 32. Bc3 h5 33. Re1 Rxe1 34. Kxe1 Ke6 35. Ke2 Kf5 36. Bb1+ Kf6 37. h4 Nd7 38. g4 b5 39. Bd3 Nf8 40. g5+ Kf7 41. f4 Ne6 42. Kf3 Ng7 43. Bc2 Nf5 44. Bxf5 gxf5 45. Ke2 Nd6 46. Kd3 Ke6 47. Be1 Nf7 48. Kc3 Kd6 49. Kb4 Kc6 50. g6 Nh6 51. Ka5 Ng8 52. Bb4 Nf6 53. Be7 Ng8 54. Bg5 b4 55. axb4 Kb7 56. Kb5 Ka7 57. Kxa4 Kb6 58. b5 Kb7 59. Kb4 Kc7 60. Kc5 1-0

[Event "Mexico City Fenamac-B 2nd"]
[Site "Mexico City"]
[Date "2020.03.14"]
[Round "5"]
[White "Guerrero Rodriguez, Alejandra"]
[Black "Medina Diaz, Rafael Alejandro"]
[Result "1/2-1/2"]
[WhiteElo "2088"]
[BlackElo "2308"]
[PlyCount "27"]
[EventDate "2020.03.12"]
[EventType "tourn"]
[EventRounds "9"]
[EventCountry "MEX"]
[EventCategory "2"]
[SourceTitle "CBM 195 Extra"]
[Source "ChessBase"]
[SourceDate "2020.05.31"]
[SourceVersion "1"]
[SourceVersionDate "2020.05.31"]
[SourceQuality "1"]

1. e4 e6 2. d4 d5 3. Nd2 Nc6 4. c3 e5 5. exd5 Qxd5 6. Ngf3 exd4 7. Bc4 Qf5 8. 0-0 Be6 9. Bxe6 fxe6 10. Nxd4 Nxd4 11. cxd4 0-0-0 12. Nc4 Nf6 13. Qa4 Kb8 14. Ne5 1/2-1/2